| 000 | 00400nam a2200145Ia 4500 | ||
|---|---|---|---|
| 005 | 20251222141842.0 | ||
| 008 | 251222s9999||||xx |||||||||||||| ||spa|| | ||
| 020 | _a9789942115737 | ||
| 082 | _a333.709.8/R75 | ||
| 100 | _aRodríguez, Mayanin | ||
| 245 | 0 | _aBuenas Prácticas para La Gestión de Los Páramos Venezuela, Colombia, Ecuador y Perú | |
| 250 | _a1ra.ed. | ||
| 264 | _bs.e. | ||
| 942 | _cLIB | ||
| 999 |
_c7447 _d7447 |
||